00503nam a2200193Ia 4500008004100000020002200041050001800063050001700081100002400098245003700122245003100159245002400190260001600214260002300230260000900253300001600262300001100278500002000289180523s9999 xx 000 0 und d a978-0-470-12530-4 aMAIN TX 911.3 b.M27C37 2008 aCarroll, Charles M. 0aLeadership lessons from a chef : 0bfinding time to be great / 0cCharles M. Carroll. aAustralia : bJohn Wiley & Sons, c2007 a176 pages : c23 cm. aIncludes index.